Statystyki dla Top 5 państw według danej kategorii #3

Kliknij tutaj aby rozwiązać quiz!

Ogólne statystyki

  • Ten quiz został rozwiązany 10 459 razy
  • Średni wynik to 28 z 57

Statystyki odpowiedzi

Państwo% Poprawnych
Stany Zjednoczone
97%
Brazylia
91%
Chiny
91%
Francja
91%
Japonia
90%
Niemcy
90%
Rosja
88%
Indie
84%
Kanada
83%
Hiszpania
80%
Włochy
78%
Wielka Brytania
77%
Australia
71%
Indonezja
70%
Szwecja
66%
Korea Południowa
65%
Niger
64%
Norwegia
64%
Kolumbia
63%
Pakistan
63%
Demokratyczna Republika Konga
62%
Nigeria
60%
Chile
56%
Szwajcaria
56%
Peru
54%
Wenezuela
53%
Dania
50%
Belgia
49%
Afganistan
48%
Luksemburg
43%
Zjednoczone Emiraty Arabskie
42%
Etiopia
41%
Monako
41%
Syria
41%
Bangladesz
39%
Singapur
37%
Somalia
35%
Litwa
34%
Czad
33%
Jemen
33%
Tajwan
29%
Mali
27%
Tanzania
25%
Kuwejt
23%
Salwador
21%
Uganda
21%
Honduras
20%
Mjanma
20%
Surinam
19%
Gujana
18%
Bahrajn
17%
Jamajka
17%
Malta
17%
Bośnia i Hercegowina
11%
Lesotho
9%
Togo
9%
Wyspy Marshalla
3%

Rozkład punktacji

Percentyl według liczby udzielonych odpowiedzi

Procent ludzi z każdym wynikiem

Twoja historia wyników

Nie rozwiązałeś tego quizu